| 000 | 00985nam a2200373Ia 4500 | ||
|---|---|---|---|
| 001 | UByD000828 | ||
| 003 | AR-LpoUNG | ||
| 005 | 20220812192123.0 | ||
| 008 | 220812s1972||||ag |||||||||||||| ||spa|| | ||
| 040 |
_aAR-LpoUNG _bspa _cAR-LpoUNG _eaacr |
||
| 041 | 0 | _aspa | |
| 082 | 0 | _aA861 422nue | |
| 100 | 1 | _aBeigbeder, Silvia | |
| 245 | 1 | 0 | _aNuevas poetas 1972 |
| 260 |
_aBuenos Aires : _bFundacion Isidoro Ricardo Steinberg, _c1972. |
||
| 300 | _a70 p. | ||
| 650 | 4 | _aARGENTINA | |
| 650 | 4 | _aLITERATURA | |
| 650 | 4 | _aPOESIA | |
| 650 | 4 | _aMUJERES | |
| 700 | 1 | _aBernaldo de Quirós, Nélida | |
| 700 | 1 | _aBraschi, Gloria | |
| 700 | 1 | _aCastorino, Cecilia | |
| 700 | 1 | _aCué, Ana María | |
| 700 | 1 | _aChiaramello, Inés A. | |
| 700 | 1 | _aFurman, Mónica A. | |
| 700 | 1 | _aKenny, Ana María | |
| 700 | 1 | _aOliva Serpez, Mónica | |
| 700 | 1 | _aPapini, Egle | |
| 700 | 1 | _aPrada de Rosales, Piedad | |
| 700 | 1 | _aVilas, Irene | |
| 905 | _aCJPM549 | ||
| 942 |
_cLIB _2ddc |
||
| 999 |
_c62292 _d62292 |
||